000 00493nam a2200157 4500
001 131496
003 ES-MaACL
007 t|
008 070214s1975 sp r ||||1| spa d
100 1 _aRodríguez Echeverría, Gerardo.
_998502
245 1 3 _aEl adolescente español /
_cGerardo Rodríguez Echeverría.
260 _aMadrid :
_bInstituto de la Juventud,
_c1975.
300 _a686 p. ;
_c21 cm.
700 1 _aInstituto de la Juventud (España)
_965345
852 _aES-MaACL
_jE-6540
_bR.91169
999 _c131496
_d131496